000 00505nam a2200181Ia 4500
999 _c15209
_d15209
003 OSt
005 20201224151153.0
008 190216s9999||||xx |||||||||||||| ||und||
020 _a9788126477463
040 _coclc
082 _a894.8129
_bJES/V
100 _aJesme, Sister
_95919
245 0 _aVeendum Aamen /
_cSister Jesme
260 _bD C Books,
_c2018.
_aKottayam:
300 _a166p
650 _aMalayalam Biography
942 _cBK
_2ddc
_h894.8129
_iJES/V
_k894.8129
_mJES/V